000 01545ngm a2200337 a 4500
005 20220317001301.0
008 160825s1987 ck g 000 0 spa
082 0 4 _a791.436
_bM14bb
245 1 0 _aBochinche en el Barrio Arriba
_cdirección Alberto Vides, Luis Alfredo González
_hvideograbación
250 _a1a. edición
300 _a1 videocasete en VHS (106 minutos)
_bsonido, color
_c20 cm
490 _aLa maleta
_ppelículas colombianas
500 _aLa película pertenece a la colección La Maleta. Dirigida para un público adulto
505 _aAquel 19 [videocasete] / dirección Carlos Mayolo -- Ella, el chulo y el atarván [videocasete] / dirección Fernando Vélez -- Los músicos [videocasete] / dirección Carlos Mayolo
650 1 4 _2LEMB
_aPelículas cinematográficas colombianas
_vVideocasetes
650 1 4 _2LEMB
_aViolencia en Colombia
_vVideocasetes
650 1 4 _2LEMB
_aPsicología urbana
_vVideocasetes
700 1 _aVides, Alberto
_968707
700 1 _aGoggel, Erwin
_968708
700 1 _aMayolo Velasco, Carlos José
_968709
700 1 _aValverde, Umberto
_968710
700 1 _aVillegas, Joaquín
_968711
700 1 _aBeltrán, Alberto
_968712
740 _aAquel 19 [videocasete]
_aElla, el chulo y el atarván [videocasete]
_aLos músicos [videocasete]
942 _2ddc
_cVIDEOCASET
264 _aBogotá
_bMinisterio de Cultura
_c1987
336 _atexto
_btxt
_2rdacontent
337 _asin mediación
_bn
_2rdamedia
338 _avolumen
_bnc
_2rdacarrier
040 _aCO-BoRNBP
_bspa
_erda
_cCO-BoRNBP
999 _c6488
_d6488